Design with Operational Amplifiers & Analog Integrated Circuits (Record no. 298777)

000 -LEADER
fixed length control field 00373 a2200145 4500
001 - CONTROL NUMBER
control field 63704
082 ## - DEWEY DECIMAL CLASSIFICATION NUMBER
Classification number 621.3815 FRA
090 ## - LOCALLY ASSIGNED LC-TYPE CALL NUMBER (OCLC); LOCAL CALL NUMBER (RLIN)
-- 37695
-- 37695
100 ## - MAIN ENTRY--PERSONAL NAME
Personal name Franco Sergio
245 ## - TITLE STATEMENT
Title Design with Operational Amplifiers & Analog Integrated Circuits
250 ## - EDITION STATEMENT
Edition statement 1
260 ## - PUBLICATION, DISTRIBUTION, ETC.
Place of publication, distribution, etc. NY
Name of publisher, distributor, etc. McGraw Hill
Date of publication, distribution, etc. 1988
300 ## - PHYSICAL DESCRIPTION
Extent xvi, 636p. photocopy
500 ## - GENERAL NOTE
General note MS textbook
942 ## - ADDED ENTRY ELEMENTS (KOHA)
Institution code [OBSOLETE] NUST-CAE
Call number prefix 621.3815 FRA
Holdings
Withdrawn status Lost status Damaged status Not for loan Collection code Permanent Location Current Location Date acquired Total Checkouts Full call number Barcode Date last seen Price effective from Koha item type
          College of Aeronautical Engineering (CAE) College of Aeronautical Engineering (CAE) 04/03/2017   621.3815 FRA CAE56636 04/05/2017 04/05/2017 Book
          College of Aeronautical Engineering (CAE) College of Aeronautical Engineering (CAE) 04/03/2017   621.3815 FRA CAEN-183 04/05/2017 04/05/2017 Book
          College of Aeronautical Engineering (CAE) College of Aeronautical Engineering (CAE) 04/03/2017   621.3815 FRA CAEN-182 04/05/2017 04/05/2017 Book
          College of Aeronautical Engineering (CAE) College of Aeronautical Engineering (CAE) 04/03/2017   621.3815 FRA CAEN-181 04/05/2017 04/05/2017 Book
          College of Aeronautical Engineering (CAE) College of Aeronautical Engineering (CAE) 04/03/2017   621.3815 FRA CAEN-180 04/05/2017 04/05/2017 Book
          College of Aeronautical Engineering (CAE) College of Aeronautical Engineering (CAE) 04/03/2017   621.3815 FRA CAEN-179 04/05/2017 04/05/2017 Book
© 2023 Central Library, National University of Sciences and Technology. All Rights Reserved.